1.FC Köln: Alle Torschützen der 2010er - Statistiken

Allgemein
  • Dieses Quiz wurde 194 mal gespielt
  • Das Durchschnittsergebnis liegt bei 22 aus 53
Antwortstatistiken
Pos. Nat. Spieler % Korrekt
ST GER Lukas Podolski
92%
ST FRA Anthony Modeste
89%
VER GER Jonas Hector
87%
ST COL Jhon Cordoba
82%
ST SLO Milivoje Novakovic
75%
MIT AUT Florian Kainz
70%
ST JAP Yuya Osako
70%
ST NIG Anthony Ujah
68%
MIT TUN Ellyes Skhiri
68%
VER BEL Sebastiaan Bornauw
60%
ST PER Claudio Pizarro
59%
VER BRA Pedro Geromel
57%
ST FRA Sehrou Giurassy
56%
ST GER Simon Terodde
55%
VER ESP Jorge Mere
54%
VER CAN Kevin McKenna
52%
ST LVA Artjoms Rudnevs
51%
MIT GER Marcel Risse
46%
ST GER Mark Uth
46%
VER SLO Dominic Maroh
43%
VER DEN Frederik Sörensen
43%
MIT AUT Louis Schaub
43%
MIT POR Petit
43%
VER GER Dominique Heintz
42%
MIT GER Leonardo Bittencourt
42%
MIT GER Matthias Lehmann
39%
MIT SRB Milos Jojic
39%
VER POL Pawel Olkowski
39%
VER LBN Youssef Mohammad
38%
ST POL Slawomir Peszko
35%
MIT FRA Vincent Koziello
33%
ST NOR Bard Finne
32%
MIT GER Christian Clemens
32%
ST GER Simon Zoller
32%
MIT GER Yannick Gerhardt
31%
VER NED Kingsley Ehizibue
30%
VER GER Rafael Czichos
30%
MIT GER Adil Chihi
27%
MIT GER Dominick Drexler
26%
VER GER Ismail Jakobs
26%
MIT POL Adam Matuschyk
22%
ST BRA Deyverson
22%
MIT BIH Mato Jajalo
22%
VER GER Lukas Klünter
21%
VER GER Kevin Vogt
20%
ST AUT Philipp Hosiner
20%
MIT GER Martin Lanig
17%
MIT GER Kevin Pezzoni
16%
MIT SVK Dusan Svento
15%
MIT ALB Odise Roshi
13%
ST GER Sebastian Freis
11%
VER TUN Ammar Jemal
8%
MIT GER Taner Yalcin
6%
Keine übereinstimmenden Quizze gefunden
Verteilung der Resultate
Anzahl Personen mit jedem Resultat
Perzentil nach korrekt beantworteten Fragen
Ihre Resultats-Entwicklung
Sie haben dieses Quiz noch nicht gespielt